Determiner clitic placement
| Published in: | Current issues in comparative grammar, ed. by Robert Freidin, Dordrecht [etc.], 1996, p. 257-295 (Studies in natural language and linguistic theory) |
|---|---|
| Main Author: | |
| Content type: | Article |
| Source: | MPIPL_cat |
| _version_ | 1863687008678838275 |
|---|---|
| author | Uriagereka, Juan |
| author_facet | Uriagereka, Juan |
| author_search | Uriagereka, Juan |
| author_sort | Uriagereka, Juan |
| author_variant | j u ju |
| collection_details | MPIPL |
| container_reference | p. 257-295 |
| container_start_page | 257 |
| container_title | Current issues in comparative grammar |
| dedup_id_str | MPIPL_cat.PL0072739 |
| dewey-hierarchy | 0/[Unassigned]/ |
| dewey-hierarchy_str | 0/[Unassigned]/ |
| first_indexed | 2026-03-14T00:40:20Z |
| format | 0/Artikel/ |
| format_str | 0/Artikel/ |
| fullrecord | <?xml version="1.0" encoding="UTF-8"?>
<collection xmlns:xsi="http://www.w3.org/2001/XMLSchema-instance" xsi:schemaLocation="http://www.loc.gov/MARC21/slim http://www.loc.gov/standards/marcxml/schema/MARC21slim.xsd" xmlns="http://www.loc.gov/MARC21/slim">
<record>
<leader>00000naa a2200000 u 4500</leader>
<controlfield tag="001">PL0072739</controlfield>
<controlfield tag="003">PLI01000000000000000070757</controlfield>
<controlfield tag="005">00000000000000.0</controlfield>
<controlfield tag="008"> ||| u </controlfield>
<datafield tag="100" ind1="1" ind2=" ">
<subfield code="a">Uriagereka, Juan</subfield>
</datafield>
<datafield tag="245" ind1="0" ind2="0">
<subfield code="a">Determiner clitic placement</subfield>
<subfield code="c">Juan Uriagereka</subfield>
</datafield>
<datafield tag="952" ind1=" " ind2=" ">
<subfield code="j">1996</subfield>
<subfield code="h">p. 257-295</subfield>
</datafield>
<datafield tag="996" ind1=" " ind2=" ">
<subfield code="a">Aufsatz</subfield>
</datafield>
<datafield tag="997" ind1=" " ind2=" ">
<subfield code="a">book chapter</subfield>
</datafield>
<datafield tag="773" ind1="0" ind2="8">
<subfield code="t">Current issues in comparative grammar</subfield>
<subfield code="a">ed. by Robert Freidin</subfield>
<subfield code="d">Dordrecht [etc.], 1996</subfield>
<subfield code="g">p. 257-295</subfield>
<subfield code="k">Studies in natural language and linguistic theory</subfield>
<subfield code="w">MPIPL_cat.PL0067362</subfield>
<subfield code="z">0-7923-3778-6</subfield>
<subfield code="i">In:</subfield>
</datafield>
</record>
</collection>
|
| hierarchy_parent_id | MPIPL_cat.PL0067362 |
| hierarchy_parent_title | Current issues in comparative grammar |
| id | MPIPL_cat.PL0072739 |
| illustrated | Not Illustrated |
| institution | MPIPL_cat |
| institution_str | MPIPL_cat |
| isbn | 9780792337782 0-7923-3778-6 |
| language | und |
| language_str | und |
| last_indexed | 2026-04-27T23:41:50Z |
| local_fields | Aufsatz |
| online | false |
| online_MPIPL_cat | false |
| online_str | false |
| record_format | marc |
| spelling | Uriagereka, Juan Determiner clitic placement Juan Uriagereka Current issues in comparative grammar ed. by Robert Freidin Dordrecht [etc.], 1996 p. 257-295 Studies in natural language and linguistic theory 0-7923-3778-6 In |
| spellingShingle | Uriagereka, Juan Determiner clitic placement |
| title | Determiner clitic placement |
| title_full | Determiner clitic placement Juan Uriagereka |
| title_fullStr | Determiner clitic placement Juan Uriagereka |
| title_full_unstemmed | Determiner clitic placement Juan Uriagereka |
| title_search | Determiner clitic placement |
| title_short | Determiner clitic placement |
| title_sort | determiner clitic placement juan uriagereka |